Bacteriological studies on enterococcus faecalis isolated from hatcheries / (Record no. 179550)

MARC details
000 -LEADER
fixed length control field 05439namaa22004451i 4500
003 - CONTROL NUMBER IDENTIFIER
control field EG-GICUC
005 - أخر تعامل مع التسجيلة
control field 20260418122018.0
008 - FIXED-LENGTH DATA ELEMENTS--GENERAL INFORMATION
fixed length control field 260418s2025 ua a|||frm||| 000 0 eng d
040 ## - CATALOGING SOURCE
Original cataloguing agency EG-GICUC
Language of cataloging eng
Transcribing agency EG-GICUC
Modifying agency EG-GICUC
Description conventions rda
041 0# - LANGUAGE CODE
Language code of text/sound track or separate title eng
Language code of summary or abstract eng
-- ara
049 ## - Acquisition Source
Acquisition Source Deposit
082 04 - DEWEY DECIMAL CLASSIFICATION NUMBER
Classification number 576.05
092 ## - LOCALLY ASSIGNED DEWEY CALL NUMBER (OCLC)
Classification number 576.05
Edition number 21
097 ## - Degree
Degree M.Sc
099 ## - LOCAL FREE-TEXT CALL NUMBER (OCLC)
Local Call Number Cai01.10.10.M.Sc.2025.Mo.B
100 0# - MAIN ENTRY--PERSONAL NAME
Authority record control number or standard number Mostafa Saad Ibrahim Mahgoub,
Preparation preparation.
245 10 - TITLE STATEMENT
Title Bacteriological studies on enterococcus faecalis isolated from hatcheries /
Statement of responsibility, etc. by Mostafa Saad Ibrahim Mahgoub ; Supervisors Prof. Dr. Ahmed Samir Mohamed Shehata, Prof. Dr. Mohamed Mamdouh Hamoud, Dr. Ahmed Orabi Hassan.
246 15 - VARYING FORM OF TITLE
Title proper/short title دراسات بكتيريولوجية على الانتيروكوكاس فيكاليس المعزولة من المفرخات
264 #0 - PRODUCTION, PUBLICATION, DISTRIBUTION, MANUFACTURE, AND COPYRIGHT NOTICE
Date of production, publication, distribution, manufacture, or copyright notice 2025.
300 ## - PHYSICAL DESCRIPTION
Extent 57 pages :
Other physical details illustrations ;
Dimensions 25 cm. +
Accompanying material CD.
336 ## - CONTENT TYPE
Content type term text
Source rda content
337 ## - MEDIA TYPE
Media type term Unmediated
Source rdamedia
338 ## - CARRIER TYPE
Carrier type term volume
Source rdacarrier
502 ## - DISSERTATION NOTE
Dissertation note Thesis (Ph.D)-Cairo University, 2025.
504 ## - BIBLIOGRAPHY, ETC. NOTE
Bibliography, etc. note Bibliography: pages 44-57.
520 #3 - SUMMARY, ETC.
Summary, etc. Hatcheries have the potential to disseminate antimicrobial resistant pathogens via the poultry production chain. Enterococci are commensal Gram-positive bacteria and opportunistic pathogens in the intestine of humans and animals. The objective of the present work was to evaluate the enterococci occurrence in broiler breeder hatcheries in 3 different Governorates in Egypt “Sharqia, Beheira, and Dakahlia” with regard to the manifested diseases. The isolation results revealed that E. faecalis occurrence in the examined samples were 5.4% (65/1200) from pipped chicks’ yolk sacs and 5.8% (69/1200) from chicks’ organs. The antibiotic susceptibility testing of the recovered isolates showed high resistance to vancomycin, oxytetracycline and high sensitivity for penicillin, difloxacin and amikacin. The genetic screening for some virulence and antibiotic resistance genes indicated the high incidence of gelE and asa1 virulence genes between the recovered isolates in correlation with the high incidence of ermB and blaZ antibiotic resistance genes. In conclusion, hygienic measures in breeders' hatcheries are recommended to avoid the spreading of resistance and virulent E. faecalis as it represents a public health threat in addition to its deleterious effects on poultry production
520 #3 - SUMMARY, ETC.
Summary, etc. إن المفرخات لديها القدرة على نشر مسببات الأمراض المقاومة للمضادات الميكروبية من خلال سلسلة إنتاج الدواجن. المكورات المعوية هي بكتيريا معوية متعايشة ومسببات أمراض انتهازية في الإنسان والحيوان. كان الهدف من هذه الدراسة هو تقييم مدي تواجد وانتشار المكورات المعوية في مفرخات أمهات الدجاج اللاحم في 3 محافظات مختلفة في مصر وهي الشرقية والبحيرة والدقهلية مع الإشارة للأمراض الظاهرة. كشفت نتائج العزل المسجلة أن مدي انتشار المكورات المعوية من النوع E. faecalis في العينات التي تم فحصها من أكياس المح للكتاكيت الناقرة كان 5.4٪ (65/1200) بينما كانت النسبة في العينات التي تم فحصها من أعضاء الكتاكيت 5.8٪ (69/1200). ولقد أظهرت نتائج اختبار الحساسية للمضادات الحيوية المسجلة للعزلات مقاومة عالية للفانكومايسين والأوكسيتتراسيكلين بينما أظهرت حساسية عالية للبنسلين والدايفلوكساسين والأميكاسين. أشار الفحص الجيني لبعض جينات الضراوة والمقاومة للمضادات الحيوية إلى ارتفاع معدل انتشار جينات الضراوة gelE و asa1 بين العزلات، بالإضافة إلى ارتفاع معدل انتشار جينات مقاومة المضادات الحيوية ermB و blaZ. ختامًا، يُنصح باتخاذ تدابير صحية في مفرخات أمهات الدجاج اللاحم وذلك لتجنب انتشار المكورات المعوية من النوع E. faecalis شديدة الضراوة والمقاومة للمضادات الحيوية، وذلك لما تمثله من تهديد للصحة العامة، بالإضافة إلى أثارها الضارة على إنتاج الدواجن.
530 ## - ADDITIONAL PHYSICAL FORM AVAILABLE NOTE
Issues CD Issues also as CD.
546 ## - LANGUAGE NOTE
Text Language Text in English and abstract in Arabic & English.
650 #0 - SUBJECT ADDED ENTRY--TOPICAL TERM
Topical term or geographic name entry element Microbiology
650 #0 - SUBJECT ADDED ENTRY--TOPICAL TERM
Topical term or geographic name entry element الميكروبيولوجيا
653 #1 - INDEX TERM--UNCONTROLLED
Uncontrolled term Antimicrobial resistance
-- Enterococcus
-- Hatchery
-- Poultry
-- Virulence
-- مقاومة المضادات الميكروبية
-- المكورات المعوية
700 0# - ADDED ENTRY--PERSONAL NAME
Personal name Ahmed Samir Mohamed Shehata
Relator term thesis advisor.
700 0# - ADDED ENTRY--PERSONAL NAME
Personal name Mohamed Mamdouh Hamoud
Relator term thesis advisor.
700 0# - ADDED ENTRY--PERSONAL NAME
Personal name Ahmed Orabi Hassan
Relator term thesis advisor.
900 ## - Thesis Information
Grant date 01-01-2025
Supervisory body Ahmed Samir Mohamed Shehata
-- Mohamed Mamdouh Hamoud
-- Ahmed Orabi Hassan
Universities Cairo University
Faculties Faculty of Veterinary Medicine
Department Department of Microbiology
905 ## - Cataloger and Reviser Names
Cataloger Name Shimaa
942 ## - ADDED ENTRY ELEMENTS (KOHA)
Source of classification or shelving scheme Dewey Decimal Classification
Koha item type Thesis
Edition 21
Suppress in OPAC No
Holdings
Source of classification or shelving scheme Home library Current library Date acquired Inventory number Full call number Barcode Date last seen Effective from Koha item type
Dewey Decimal Classification المكتبة المركزبة الجديدة - جامعة القاهرة قاعة الرسائل الجامعية - الدور الاول 18.04.2026 93802 Cai01.10.10.M.Sc.2025.Mo.B 01010110093802000 18.04.2026 18.04.2026 Thesis
Cairo University Libraries Portal Implemented & Customized by: Eng. M. Mohamady Contacts: new-lib@cl.cu.edu.eg | cnul@cl.cu.edu.eg
CUCL logo CNUL logo
© All rights reserved — Cairo University Libraries
CUCL logo
Implemented & Customized by: Eng. M. Mohamady Contact: new-lib@cl.cu.edu.eg © All rights reserved — New Central Library
CNUL logo
Implemented & Customized by: Eng. M. Mohamady Contact: cnul@cl.cu.edu.eg © All rights reserved — Cairo National University Library